Dystopia... or Reality? - Statistics

General Stats
  • This quiz has been taken 41 times
  • The average score is 16 of 20
Answer Stats
Question Answer % Correct
Society has no natural births—humans are lab‑grown and assigned caste roles. Dystopia
100%
Dissidents are sent to labor camps for “re‑education.” Reality
100%
People are genetically engineered and raised in artificial wombs for assigned societal roles. Dystopia
95%
Children are selected to fight to the death for public spectacle and control. Dystopia
95%
Escape attempts are punished by execution or forced labor. Reality
95%
Civilians are starved while resources are used for military parades and propaganda. Reality
92%
National leaders are legally considered divine or infallible by the state. Reality
92%
Citizens are sedated with emotion‑suppressing drugs to maintain social order. Dystopia
86%
Citizens are sorted into factions based on personality traits and expected to conform. Dystopia
84%
Religious texts and books not approved by the state are banned in homes. Reality
84%
Books deemed dangerous to the regime are publicly burned. Reality
84%
The government rewrites history to match current ideology. Reality
84%
All citizens must display portraits of the leader in their homes by law. Reality
84%
Citizens are constantly monitored through two‑way screens in their homes. Dystopia
78%
Firefighters are employed to burn books instead of putting out fires. Dystopia
76%
Emotional attachment is discouraged; love and family are considered threats to the state. Dystopia
76%
Children were encouraged to spy on and report their own parents. Reality
76%
A class of women is used only for reproduction and forbidden from reading or speaking freely. Dystopia
59%
Citizens are arrested for “thought crimes”—beliefs against the regime. Reality
49%
Government censors regularly rewrite past newspapers to obscure real events. Dystopia
30%
No matching quizzes found
Score Distribution
Percent of People with Each Score
Percentile by Number Answered
Your Score History
You have not taken this quiz